[Event "XVIII Autunno Scacchistico A"]
[Site "Venezia ITA"]
[Date "2012.11.01"]
[Round "1"]
[White "Capaliku, Aleks"]
[Black "Simonetto, Adriano"]
[WhiteElo "2143"]
[BlackElo "1992"]
[Result "0-1"]
[PlyCount "96"]
[EventDate "2012.11.01"]

1. f4 d5 2. Nf3 Bg4 3. e3 Nd7 4. h3 Bxf3 5. Qxf3 c6 6. d4 e6 7. Bd3 f5 8. c4
Ngf6 9. Nc3 Be7 10. O-O h5 11. Bd2 Ne4 12. Bxe4 dxe4 13. Qf2 Nf6 14. Rfd1 Kf7
15. Be1 Qd6 16. Qc2 Rag8 17. Bh4 g5 18. Bxg5 h4 19. Qb3 b6 20. d5 Nd7 21. dxc6
Qxc6 22. Qb5 Qxb5 23. Nxb5 Nc5 24. Bxe7 Kxe7 25. Nxa7 Rg3 26. Nc6+ Kf6 27. Rd2
Rxe3 28. Ne5 Rg8 29. Kh2 Nd3 30. Nxd3 Rxd3 31. Rxd3 exd3 32. Rd1 Rg3 33. Re1
Ke7 34. Kg1 Kd6 35. b4 b5 36. cxb5 Kd5 37. Kf2 Kc4 38. b6 d2 39. Rb1 Kc3 40. a4
Kc2 41. Ra1 Ra3 42. Rg1 Rxa4 43. Ke2 Rxb4 44. b7 Rxb7 45. Ra1 Rd7 46. Ra2+ Kc1
47. Ra1+ Kb2 48. Rf1 Kc2 0-1

[Event "XVIII Autunno Scacchistico A"]
[Site "Venezia ITA"]
[Date "2012.11.01"]
[Round "1"]
[White "Cardarelli, Angelo"]
[Black "Negro, Roberto"]
[WhiteElo "1973"]
[BlackElo "2138"]
[Result "0-1"]
[PlyCount "72"]
[EventDate "2012.11.01"]

1. e4 g6 2. d4 Bg7 3. Nc3 d6 4. f4 a6 5. Nf3 b5 6. a3 Bb7 7. Bd3 Nd7 8. O-O c5
9. Be3 Ngf6 10. Nd2 cxd4 11. Bxd4 O-O 12. Kh1 Rc8 13. Qe2 e5 14. Be3 d5 15.
fxe5 Nxe5 16. Bg5 h6 17. Bh4 g5 18. Bg3 Nxd3 19. cxd3 d4 20. Nd1 Rc2 21. Rb1
Bc8 22. Nf2 Qa5 23. Nb3 Rxe2 24. Nxa5 Be6 25. Rfe1 Rc2 26. Rec1 Rfc8 27. Rxc2
Rxc2 28. b3 Nh5 29. Kg1 Nxg3 30. hxg3 Be5 31. g4 Bg3 32. Rf1 Bc7 33. b4 Bxa5
34. bxa5 Ra2 35. Rb1 Rxa3 36. e5 Kg7 0-1

[Event "XVIII Autunno Scacchistico A"]
[Site "Venezia ITA"]
[Date "2012.11.01"]
[Round "1"]
[White "Gallo, Enrico"]
[Black "Ceschia, Ivano"]
[WhiteElo "2092"]
[BlackElo "2298"]
[Result "0-1"]
[PlyCount "80"]
[EventDate "2012.11.01"]

1. e4 c5 2. Nf3 Nc6 3. d4 cxd4 4. Nxd4 Qb6 5. Nb5 Nf6 6. N1c3 a6 7. Na3 e6 8.
Nc4 Qc7 9. Bg5 b5 10. Ne3 b4 11. Bxf6 gxf6 12. Nb1 Bb7 13. Nd2 Ne5 14. f4 Bc5
15. Qe2 Ng6 16. g3 Rc8 17. Rc1 f5 18. Bg2 fxe4 19. Nxe4 Nxf4 20. Nf6+ Ke7 21.
gxf4 Bxe3 22. Qxe3 Bxg2 23. Rg1 Kxf6 24. Rxg2 Qc5 25. Qh3 Ke7 26. Rd1 Rcg8 27.
Rdd2 Rxg2 28. Rxg2 Qd4 29. f5 Qxb2 30. Qh4+ Ke8 31. fxe6 Qc1+ 32. Kf2 Qxc2+ 33.
Kg1 Qb1+ 34. Kf2 Qxa2+ 35. Kf1 Qa1+ 36. Kf2 Qb2+ 37. Kf1 Qc1+ 38. Kf2 Qc2+ 39.
Kf1 Qd1+ 40. Kf2 fxe6 0-1

[Event "XVIII Autunno Scacchistico A"]
[Site "Venezia ITA"]
[Date "2012.11.01"]
[Round "1"]
[White "Guerra, Alessandro"]
[Black "Faccia, Sergio"]
[WhiteElo "2185"]
[BlackElo "2028"]
[Result "1-0"]
[PlyCount "41"]
[EventDate "2012.11.01"]

1. Nf3 d6 2. d4 Nf6 3. Nc3 Bf5 4. Bg5 Ne4 5. Nxe4 Bxe4 6. Nd2 Bg6 7. e4 f6 8.
Be3 e5 9. c3 Nc6 10. Qa4 d5 11. dxe5 fxe5 12. Ba6 bxa6 13. Qxc6+ Kf7 14. Nf3
Bd6 15. Qxd5+ Kf8 16. Ng5 Qe8 17. Ne6+ Kg8 18. Nxc7+ Qf7 19. Qxf7+ Bxf7 20.
Nxa8 Bg6 21. O-O-O 1-0

[Event "XVIII Autunno Scacchistico A"]
[Site "Venezia ITA"]
[Date "2012.11.01"]
[Round "1"]
[White "Srebrnic, Vojko"]
[Black "Pfeifer, Andreas"]
[WhiteElo "2220"]
[BlackElo "2054"]
[Result "1-0"]
[PlyCount "121"]
[EventDate "2012.11.01"]

1. e4 e6 2. Nf3 d5 3. Nc3 Nf6 4. e5 Nfd7 5. d4 a6 6. Bd3 c5 7. dxc5 Nc6 8. Bf4
Nxc5 9. O-O Be7 10. Ne2 g5 11. Bg3 h5 12. h3 g4 13. hxg4 hxg4 14. Nfd4 Bh4 15.
Nxc6 bxc6 16. Qd2 Rb8 17. Rfb1 Bxg3 18. Nxg3 Nd7 19. Qf4 Qh4 20. b4 f6 21. exf6
e5 22. Bg6+ Kf8 23. Qf5 Qxf6 24. a3 Rh6 25. Qxf6+ Nxf6 26. Bd3 e4 27. Be2 Kf7
28. c3 Ke6 29. Bf1 Ke5 30. Ne2 e3 31. fxe3 Ne4 32. g3 Bd7 33. Bg2 Rbh8 34. Rf1
Ng5 35. Nf4 Nh3+ 36. Bxh3 gxh3 37. Kh2 Bf5 38. Rad1 Bg4 39. Rd4 Rg8 40. c4 Be6
41. Nxe6 Kxe6 42. cxd5+ cxd5 43. e4 Rhg6 44. exd5+ Ke5 45. Rd3 Ke4 46. Rfd1 Rd6
47. Kxh3 Rh6+ 48. Kg2 Rgh8 49. Rd4+ Ke3 50. Rh4 Rxh4 51. gxh4 Ke2 52. Rd4 Ke3
53. Rg4 Rh5 54. d6 Rd5 55. Rg6 Kf4 56. Kf2 Rd3 57. Ke2 Rd4 58. h5 Kf5 59. Ke3
Rd1 60. d7 Rxd7 61. Rxa6 1-0

[Event "XVIII Autunno Scacchistico A"]
[Site "Venezia ITA"]
[Date "2012.11.01"]
[Round "1"]
[White "Trangoni, Bruno"]
[Black "Pechy, Alaster"]
[WhiteElo "2040"]
[BlackElo "2186"]
[Result "0-1"]
[PlyCount "108"]
[EventDate "2012.11.01"]

1. Nf3 Nf6 2. d4 g6 3. g3 Bg7 4. Bg2 c5 5. c3 cxd4 6. cxd4 Qa5+ 7. Nc3 Ne4 8.
Qd3 Nxc3 9. Bd2 Qb5 10. Qxc3 Nc6 11. a4 Qb6 12. a5 Qb5 13. e4 O-O 14. h4 Qh5
15. O-O Rb8 16. Bf4 d6 17. a6 e5 18. dxe5 dxe5 19. Bd2 Nd4 20. Nxd4 exd4 21.
Qb4 Be5 22. Ra5 bxa6 23. Qe7 Rb5 24. Bb4 Bg7 25. Rxb5 Qxb5 26. Ba3 Bd7 27. Qd6
Re8 28. Qf4 d3 29. Qd2 Bc6 30. Rd1 Bxe4 31. Bxe4 Rxe4 32. Qxd3 Re1+ 33. Kh2
Rxd1 34. Qxd1 h5 35. Qd8+ Kh7 36. Qe7 Bxb2 37. Qxf7+ Bg7 38. Bf8 Qb2 39. Qxa7
Qd4 40. Qxd4 Bxd4 41. f3 a5 42. Ba3 Kg7 43. Kg2 Kf6 44. Kf1 Ke5 45. Ke2 Kd5 46.
g4 Kc4 47. Be7 a4 48. gxh5 gxh5 49. f4 Bc5 50. Bf6 Bd4 51. Be7 Bc5 52. Bf6 a3
53. f5 a2 54. Ba1 Bd4 0-1

[Event "XVIII Autunno Scacchistico A"]
[Site "Venezia ITA"]
[Date "2012.11.01"]
[Round "1"]
[White "Xia, Jie"]
[Black "Redo, Giorgio"]
[WhiteElo "2262"]
[BlackElo "2088"]
[Result "1-0"]
[PlyCount "117"]
[EventDate "2012.11.01"]

1. e4 Nc6 2. Nc3 e5 3. Nf3 Bc5 4. Bc4 Nf6 5. d3 d6 6. Bg5 h6 7. Bxf6 Qxf6 8.
Nd5 Qd8 9. c3 O-O 10. b4 Bb6 11. a4 a5 12. b5 Ne7 13. Nxb6 cxb6 14. Qb3 Ng6 15.
O-O-O Qf6 16. Nd2 Be6 17. g3 Rac8 18. f3 Rc7 19. Rhf1 Rfc8 20. Kb2 Nf8 21. f4
Nd7 22. fxe5 Qxe5 23. d4 Bxc4 24. Nxc4 Qe6 25. Nd2 Qxb3+ 26. Nxb3 Rc4 27. Rc1
Nf6 28. Nd2 R4c7 29. Rfe1 Re7 30. Kc2 Rce8 31. Kd3 d5 32. e5 Nd7 33. c4 f6 34.
e6 Rxe6 35. Rxe6 dxc4+ 36. Ke4 Rxe6+ 37. Kd5 Kf7 38. Rxc4 Re2 39. Rc7 Ke7 40.
Nc4 Re6 41. Rxb7 g6 42. g4 h5 43. gxh5 gxh5 44. h4 f5 45. Ne5 Rd6+ 46. Kc4 f4
47. Rxd7+ Rxd7 48. Nxd7 Kxd7 49. Kd3 Ke6 50. Ke4 f3 51. Kxf3 Kf5 52. Ke3 Kg4
53. d5 Kf5 54. Kd4 Kf6 55. Ke4 Ke7 56. Ke5 Kd7 57. d6 Kd8 58. Ke4 Kd7 59. Kd5
1-0

[Event "XVIII Autunno Scacchistico A"]
[Site "Venezia ITA"]
[Date "2012.11.01"]
[Round "1"]
[White "Zamengo, Fulvio"]
[Black "Del Monaco, Andrea"]
[WhiteElo "2072"]
[BlackElo "2247"]
[Result "1-0"]
[PlyCount "135"]
[EventDate "2012.11.01"]

1. e4 c5 2. Nf3 g6 3. d4 cxd4 4. Nxd4 Nc6 5. c4 Nf6 6. Nc3 d6 7. Be2 Nxd4 8.
Qxd4 Bg7 9. Be3 O-O 10. Qd2 a5 11. O-O a4 12. Rac1 Qa5 13. f3 Be6 14. Nd5 Qxd2
15. Bxd2 Bxd5 16. cxd5 Nd7 17. Rc7 Nc5 18. Bg5 f6 19. Be3 Rfc8 20. Rxc8+ Rxc8
21. Rc1 f5 22. b4 axb3 23. axb3 Ra8 24. b4 Nb3 25. Rd1 fxe4 26. fxe4 Ra4 27.
Rb1 Nd4 28. Bg4 h5 29. Be6+ Kh7 30. Bg5 Bf6 31. Bxf6 exf6 32. Rb2 h4 33. Kf2
Kh6 34. Bd7 Ra3 35. Rd2 Nb3 36. Rc2 Kg5 37. Be8 f5 38. e5 Ra8 39. Bc6 bxc6 40.
dxc6 Nd4 41. exd6 Nb5 42. d7 Kf6 43. Rc5 Nc7 44. b5 Na6 45. b6 Nxc5 46. c7 Ra2+
47. Kf1 Nxd7 48. c8=Q Nxb6 49. Qd8+ Kg7 50. Qe7+ Kh6 51. Qxh4+ Kg7 52. Qe7+ Kh6
53. Qe3+ Kh5 54. Qe7 Kh6 55. Qf8+ Kg5 56. Qd8+ Kh6 57. h4 Ra1+ 58. Kf2 Ra2+ 59.
Kg1 Ra1+ 60. Kh2 Ra5 61. Qxb6 Ra4 62. Qf6 Kh7 63. h5 Rg4 64. hxg6+ Rxg6 65.
Qxf5 Kh6 66. Kh3 Kh7 67. Qxg6+ Kxg6 68. Kg4 1-0

[Event "XVIII Autunno Scacchistico A"]
[Site "Venezia ITA"]
[Date "2012.11.02"]
[Round "2"]
[White "Del Monaco, Andrea"]
[Black "Trangoni, Bruno"]
[WhiteElo "2247"]
[BlackElo "2040"]
[Result "1-0"]
[PlyCount "83"]
[EventDate "2012.11.01"]

1. Nf3 d6 2. d4 g6 3. c4 Bg7 4. Nc3 Nd7 5. e4 e5 6. Be2 Ne7 7. Bg5 h6 8. Be3 f5
9. dxe5 dxe5 10. Qc2 c6 11. Rd1 Qc7 12. h4 Nf6 13. Bc5 Nxe4 14. Nxe4 fxe4 15.
Bd6 Qd8 16. Qxe4 Bf5 17. Qe3 Nd5 18. Qc5 e4 19. Nd4 Ne7 20. Nxf5 Nxf5 21. Qxf5
gxf5 22. Bh5+ Kd7 23. Bf8+ Ke6 24. Rxd8 Rxf8 25. Rxa8 Rxa8 26. Ke2 Rd8 27. Bg6
Ke5 28. g3 Rd3 29. h5 Rd4 30. b3 Bf6 31. Rf1 Bg5 32. Re1 Kf6 33. Kf1 Rd2 34. g4
fxg4 35. Rxe4 Rxa2 36. Rxg4 Rb2 37. f4 Rxb3 38. fxg5+ hxg5 39. Rd4 Rb4 40. Bd3
Kg7 41. Rd7+ Kh8 42. h6 1-0

[Event "XVIII Autunno Scacchistico A"]
[Site "Venezia ITA"]
[Date "2012.11.02"]
[Round "2"]
[White "Faccia, Sergio"]
[Black "Capaliku, Aleks"]
[WhiteElo "2028"]
[BlackElo "2143"]
[Result "1-0"]
[PlyCount "93"]
[EventDate "2012.11.01"]

1. e4 e5 2. d4 exd4 3. Bc4 Nc6 4. Nf3 Nf6 5. O-O Nxe4 6. Re1 d5 7. Bxd5 Qxd5 8.
Nc3 Qc4 9. Nxe4 Be6 10. b3 Qb4 11. Neg5 O-O-O 12. Nxe6 fxe6 13. Rxe6 Bd6 14.
Bg5 Rdf8 15. Qe2 a6 16. Re1 Kb8 17. a4 Qc5 18. Bh4 h6 19. Bg3 Bxg3 20. hxg3 Rd8
21. Ne5 Nxe5 22. Rxe5 Rd5 23. Rxd5 Qxd5 24. Qe7 g5 25. Qg7 Rd8 26. Qxh6 d3 27.
cxd3 Qxb3 28. Qxg5 Rxd3 29. Re8+ Ka7 30. a5 Rd5 31. Qe3+ Qxe3 32. Rxe3 Rxa5 33.
f4 Rf5 34. Rf3 b5 35. g4 Rf8 36. f5 b4 37. g5 b3 38. Rf1 a5 39. g6 b2 40. g7
Rb8 41. f6 b1=Q 42. Rxb1 Rxb1+ 43. Kf2 Rb6 44. f7 Rf6+ 45. Ke3 Rxf7 46. g8=Q
Rf6 47. Qc4 1-0

[Event "XVIII Autunno Scacchistico A"]
[Site "Venezia ITA"]
[Date "2012.11.02"]
[Round "2"]
[White "Negro, Roberto"]
[Black "Xia, Jie"]
[WhiteElo "2138"]
[BlackElo "2262"]
[Result "1/2-1/2"]
[PlyCount "93"]
[EventDate "2012.11.01"]

1. d4 Nf6 2. c4 g6 3. Nc3 Bg7 4. e4 d6 5. Nge2 O-O 6. Ng3 e5 7. d5 c6 8. Be2
cxd5 9. cxd5 a6 10. a4 b6 11. h4 h5 12. Bg5 Qe8 13. Qd2 Kh7 14. Qe3 Nbd7 15. a5
bxa5 16. Rxa5 Rb8 17. Ra2 Nc5 18. O-O Rb4 19. f3 Ng8 20. Qf2 f5 21. exf5 Bxf5
22. Nxf5 Rxf5 23. Qe1 Qb8 24. Ne4 Nxe4 25. fxe4 Rxf1+ 26. Bxf1 Rxb2 27. Rxa6
Nf6 28. Bxf6 Bxf6 29. Kh2 Bg7 30. Be2 Bh6 31. Ra1 Bf4+ 32. Kh1 Qb6 33. Bf3 Bd2
34. Qf1 Qd8 35. Qf2 Qb6 36. Qxb6 Rxb6 37. Ra7+ Kh6 38. Kh2 Rb1 39. g3 Be3 40.
Ra2 Bd4 41. Bg2 g5 42. hxg5+ Kxg5 43. Ra8 Rb3 44. Rg8+ Kf6 45. Rf8+ Kg6 46. Kh3
Rb2 47. Rf5 1/2-1/2

[Event "XVIII Autunno Scacchistico A"]
[Site "Venezia ITA"]
[Date "2012.11.02"]
[Round "2"]
[White "Pechy, Alaster"]
[Black "Zamengo, Fulvio"]
[WhiteElo "2186"]
[BlackElo "2072"]
[Result "1-0"]
[PlyCount "123"]
[EventDate "2012.11.01"]

1. Nf3 Nf6 2. c4 c5 3. Nc3 Nc6 4. g3 d5 5. cxd5 Nxd5 6. Bg2 Nc7 7. O-O e5 8. d3
Be7 9. Be3 O-O 10. Rc1 Be6 11. Nd2 Na6 12. Nc4 Nab4 13. a3 Nd5 14. Nxd5 Bxd5
15. Bxd5 Qxd5 16. Nd2 b6 17. Qc2 f5 18. Qc4 Rad8 19. Nb1 f4 20. Qxd5+ Rxd5 21.
Nc3 Rd7 22. gxf4 exf4 23. Bd2 Bf6 24. Rfd1 f3 25. exf3 Rxd3 26. Be3 Rfd8 27.
Rxd3 Rxd3 28. Rd1 Rxd1+ 29. Nxd1 c4 30. f4 Kf7 31. a4 Nb4 32. Bd2 Nd3 33. Bc3
Bxc3 34. bxc3 Nc5 35. Nb2 Ke6 36. Kg2 Kf5 37. Kf3 g6 38. Ke3 a6 39. h3 Ne4 40.
Nd1 Nd6 41. Kf3 b5 42. axb5 Nxb5 43. Ke3 a5 44. f3 Ke6 45. Kd2 Kf5 46. Ne3+
Kxf4 47. Nxc4 a4 48. Nb6 a3 49. Nd5+ Kxf3 50. Kc2 Kg3 51. c4 Nd4+ 52. Kc3 Kxh3
53. c5 Nc6 54. Kb3 Kg3 55. Kxa3 h5 56. Ka4 h4 57. Kb5 h3 58. Kxc6 h2 59. Kd6
h1=Q 60. c6 Qc1 61. c7 Kf3 62. Ne7 1-0

[Event "XVIII Autunno Scacchistico A"]
[Site "Venezia ITA"]
[Date "2012.11.02"]
[Round "2"]
[White "Pfeifer, Andreas"]
[Black "Solomon, Kenny"]
[WhiteElo "2054"]
[BlackElo "2445"]
[Result "0-1"]
[PlyCount "100"]
[EventDate "2012.11.01"]

1. e4 g6 2. d4 Bg7 3. Nf3 d6 4. Bc4 Nf6 5. Qe2 O-O 6. O-O Bg4 7. h3 Bxf3 8.
Qxf3 Nc6 9. Be3 Nd7 10. c3 e5 11. Qd1 Qe7 12. f3 Kh8 13. g4 exd4 14. cxd4 Nb6
15. Bb3 f5 16. gxf5 gxf5 17. Nc3 fxe4 18. f4 Qd7 19. Kh2 d5 20. Rg1 Rf5 21. Qd2
Raf8 22. Rg3 Ne7 23. Rag1 Ng6 24. Rxg6 hxg6 25. Rxg6 Rh5 26. Qg2 c6 27. Bd1 Rh7
28. Bg4 Qc7 29. b3 Nc8 30. Be6 Ne7 31. Rg5 Qd6 32. Bg4 Bh6 33. Re5 Bxf4+ 34.
Bxf4 Rxf4 35. Qg3 Rf8 36. Ne2 Ng6 37. Re6 Qxg3+ 38. Kxg3 Rg7 39. Kh2 Kh7 40.
Ng3 Nh4 41. Nh5 Rgf7 42. Kg3 Ng6 43. Rd6 Kh6 44. h4 Rf1 45. Re6 Rh1 46. Rd6
Rg1+ 47. Kh3 Rh1+ 48. Kg3 Rff1 49. Nf6 Rhg1+ 50. Kh2 Rxf6 0-1

[Event "XVIII Autunno Scacchistico A"]
[Site "Venezia ITA"]
[Date "2012.11.02"]
[Round "2"]
[White "Redo, Giorgio"]
[Black "Cardarelli, Angelo"]
[WhiteElo "2088"]
[BlackElo "1973"]
[Result "1-0"]
[PlyCount "85"]
[EventDate "2012.11.01"]

1. f4 g6 2. Nf3 Bg7 3. c4 e6 4. e4 b6 5. d4 Bb7 6. Nc3 Ne7 7. Be3 d6 8. Bd3 Nd7
9. O-O O-O 10. Qe1 f5 11. Ng5 Rf6 12. e5 Rf7 13. Nxe6 Qc8 14. Ng5 Rf8 15. Nxh7
Kxh7 16. Qh4+ Kg8 17. Qxe7 Re8 18. Qg5 Nf8 19. Rae1 Qd7 20. Bc2 a6 21. Bb3 Rad8
22. c5+ d5 23. cxb6 cxb6 24. Rf3 Kf7 25. Rg3 Qe6 26. Rh3 Bc6 27. Rf1 Qd7 28.
Rhf3 Ne6 29. Qg3 b5 30. h3 b4 31. Ne2 Bb5 32. Qf2 Bd3 33. g4 Rh8 34. gxf5 gxf5
35. Kh2 Bf8 36. Rg1 Be7 37. Qg2 Rdg8 38. Rg3 Rxg3 39. Nxg3 Rg8 40. Bxd5 Bh4 41.
Qf3 Bxg3+ 42. Rxg3 Rxg3 43. Kxg3 1-0

[Event "XVIII Autunno Scacchistico A"]
[Site "Venezia ITA"]
[Date "2012.11.02"]
[Round "2"]
[White "Simonetto, Adriano"]
[Black "Guerra, Alessandro"]
[WhiteElo "1992"]
[BlackElo "2185"]
[Result "0-1"]
[PlyCount "63"]
[EventDate "2012.11.01"]

1. d4 Nf6 2. c4 e6 3. Nc3 d5 4. cxd5 exd5 5. Bg5 Nbd7 6. e3 c6 7. Qc2 Bd6 8. e4
dxe4 9. O-O-O O-O 10. Nxe4 Be7 11. Bd3 Nxe4 12. Bxe7 Qxe7 13. Bxe4 Nf6 14. Bd3
Be6 15. Kb1 Rac8 16. Nf3 h6 17. Rhe1 Nd5 18. a3 Nf4 19. Bc4 Qf6 20. Bxe6 Nxe6
21. Qe4 Rfd8 22. d5 Nc5 23. Qg4 cxd5 24. Rxd5 Rxd5 25. Qxc8+ Kh7 26. Re8 g6 27.
Re2 Qa6 28. Re1 Qd3+ 29. Ka1 Qc2 30. Qe8 Kg7 31. Qe3 Nd3 32. Re2 0-1

[Event "XVIII Autunno Scacchistico A"]
[Site "Venezia ITA"]
[Date "2012.11.02"]
[Round "3"]
[White "Bianchi, Andrea"]
[Black "Faccia, Sergio"]
[WhiteElo "2148"]
[BlackElo "2028"]
[Result "1-0"]
[PlyCount "66"]
[EventDate "2012.11.01"]

1. e4 e5 2. Nf3 f5 3. Nxe5 Qf6 4. d4 d6 5. Nc4 fxe4 6. Nc3 Qg6 7. Bf4 Nf6 8.
Qd2 Be7 9. O-O-O O-O 10. Re1 a6 11. f3 b5 12. Na5 b4 13. Nxe4 Nxe4 14. Rxe4 Bd8
15. Bc4+ Kh8 16. Bd5 c6 17. Nxc6 Nxc6 18. Bxc6 Rb8 19. Rhe1 Bf5 20. Re8 Ba5 21.
Rxb8 Rxb8 22. g4 Bxc2 23. b3 Bd3 24. Re8+ Rxe8 25. Bxe8 Qxe8 26. Qxd3 Bb6 27.
Kd2 d5 28. Be5 a5 29. Qf5 Bd8 30. f4 h6 31. Bd6 Qc6 32. Bc5 Bh4 33. g5 hxg5 1-0

[Event "XVIII Autunno Scacchistico A"]
[Site "Venezia ITA"]
[Date "2012.11.02"]
[Round "3"]
[White "Cardarelli, Angelo"]
[Black "Pfeifer, Andreas"]
[WhiteElo "1973"]
[BlackElo "2054"]
[Result "0-1"]
[PlyCount "62"]
[EventDate "2012.11.01"]

1. e4 e6 2. d4 d5 3. e5 Bd7 4. Nf3 a6 5. b3 c5 6. c3 Nc6 7. Be2 f6 8. Bf4 Nh6
9. O-O Nf7 10. h3 Qc7 11. Re1 fxe5 12. Nxe5 Ncxe5 13. dxe5 g6 14. Bf3 Bc6 15.
Nd2 Bg7 16. Qe2 O-O 17. g4 Qe7 18. Bg3 Ng5 19. Bg2 d4 20. cxd4 cxd4 21. h4 d3
22. Qxd3 Rad8 23. Qe3 Rxd2 24. Qxd2 Nf3+ 25. Bxf3 Bxf3 26. g5 Qf7 27. Qd3 Qe7
28. Rac1 Qb4 29. Qd7 Bd5 30. Qc7 Qg4 31. Kh2 Rxf2+ 0-1

[Event "XVIII Autunno Scacchistico A"]
[Site "Venezia ITA"]
[Date "2012.11.02"]
[Round "3"]
[White "Gallo, Enrico"]
[Black "Simonetto, Adriano"]
[WhiteElo "2092"]
[BlackElo "1992"]
[Result "1/2-1/2"]
[PlyCount "28"]
[EventDate "2012.11.01"]

1. e4 e5 2. Nf3 Nc6 3. Bb5 Nf6 4. O-O Nxe4 5. Re1 Nd6 6. Bxc6 dxc6 7. Nxe5 Be7
8. b3 O-O 9. Bb2 Be6 10. d3 Bf6 11. Nd2 c5 12. Qf3 Re8 13. Rad1 Rb8 14. Nf1 Nb5
1/2-1/2

[Event "XVIII Autunno Scacchistico A"]
[Site "Venezia ITA"]
[Date "2012.11.02"]
[Round "3"]
[White "Guerra, Alessandro"]
[Black "Ceschia, Ivano"]
[WhiteElo "2185"]
[BlackElo "2298"]
[Result "1-0"]
[PlyCount "85"]
[EventDate "2012.11.01"]

1. e4 c5 2. Nf3 Nc6 3. Bb5 d6 4. O-O Bd7 5. Re1 a6 6. Bc4 Nf6 7. c3 b5 8. Bf1
e5 9. a4 b4 10. h3 Be7 11. d4 bxc3 12. dxe5 cxb2 13. Bxb2 dxe5 14. Nxe5 Qb8 15.
Nc4 Be6 16. Nbd2 O-O 17. Rb1 Qc7 18. e5 Nd5 19. Ne4 Rfb8 20. Ned6 Na5 21. Nxa5
Qxa5 22. Bc4 Nc7 23. Bxe6 Nxe6 24. Qf3 Bxd6 25. exd6 Qxa4 26. Be5 Qd7 27. Rb2
Ng5 28. Qd5 Qe6 29. Reb1 Re8 30. Qxa8 Rxa8 31. Rb8+ Qe8 32. Rxe8+ Rxe8 33. d7
Rf8 34. Bd6 Ra8 35. Rb8+ Rxb8 36. Bxb8 Ne6 37. Bc7 Kf8 38. Bd6+ Kg8 39. Bxc5 a5
40. Bb6 a4 41. d8=Q+ Nxd8 42. Bxd8 a3 43. Ba5 1-0

[Event "XVIII Autunno Scacchistico A"]
[Site "Venezia ITA"]
[Date "2012.11.02"]
[Round "3"]
[White "Solomon, Kenny"]
[Black "Negro, Roberto"]
[WhiteElo "2445"]
[BlackElo "2138"]
[Result "1-0"]
[PlyCount "77"]
[EventDate "2012.11.01"]

1. d4 f5 2. c4 Nf6 3. Nf3 g6 4. g3 Bg7 5. Bg2 O-O 6. O-O d6 7. Nc3 Nc6 8. d5
Ne5 9. Nxe5 dxe5 10. Qb3 h6 11. c5 Kh8 12. Rd1 g5 13. Bd2 a6 14. Na4 Qe8 15.
Ba5 Bd7 16. Nc3 b6 17. Bb4 Rb8 18. cxb6 cxb6 19. Qa3 Rf7 20. Qxa6 h5 21. d6 e6
22. Qd3 e4 23. Qd2 Bh6 24. a4 Rh7 25. a5 bxa5 26. Bxa5 g4 27. e3 h4 28. Bc7 Rc8
29. Ra5 hxg3 30. hxg3 Kg7 31. b4 Qg6 32. Rda1 Rch8 33. Ra8 Ne8 34. Bd8 Bg5 35.
R1a7 Kh6 36. Qd4 Rg8 37. Bxg5+ Qxg5 38. Qe5 Qh5 39. Rxd7 1-0

[Event "XVIII Autunno Scacchistico A"]
[Site "Venezia ITA"]
[Date "2012.11.02"]
[Round "3"]
[White "Srebrnic, Vojko"]
[Black "Redo, Giorgio"]
[WhiteElo "2220"]
[BlackElo "2088"]
[Result "1-0"]
[PlyCount "89"]
[EventDate "2012.11.01"]

1. e4 Nc6 2. Nc3 e5 3. Bc4 Bc5 4. d3 d6 5. Na4 Bb6 6. Nxb6 axb6 7. Ne2 Nf6 8.
O-O O-O 9. Ng3 Na5 10. Bg5 h6 11. Bxf6 Qxf6 12. Qe2 Nxc4 13. dxc4 Qf4 14. Qd3
Be6 15. b3 Rad8 16. Rad1 g6 17. Ne2 Qf6 18. Qe3 g5 19. f3 Kg7 20. g4 Qg6 21.
Ng3 f6 22. Rd2 Qe8 23. a4 Qc6 24. Kg2 Rf7 25. Rh1 Rh8 26. Rdd1 Kf8 27. h4 Rfh7
28. Rh2 Qd7 29. Rdh1 Qg7 30. Kf2 Kg8 31. Qc3 Qe7 32. a5 bxa5 33. Qxa5 Kg7 34.
Qd2 b6 35. Ke3 Qd7 36. Rh3 Qc6 37. R3h2 Ra8 38. hxg5 fxg5 39. Kf2 Qc5+ 40. Kg2
Ra2 41. Rxh6 Rxh6 42. Qxg5+ Rg6 43. Qe7+ Kg8 44. Qe8+ Kg7 45. Qh8+ 1-0

[Event "XVIII Autunno Scacchistico A"]
[Site "Venezia ITA"]
[Date "2012.11.02"]
[Round "3"]
[White "Xia, Jie"]
[Black "Del Monaco, Andrea"]
[WhiteElo "2262"]
[BlackElo "2247"]
[Result "1-0"]
[PlyCount "45"]
[EventDate "2012.11.01"]

1. d4 Nf6 2. Nf3 d5 3. c4 e6 4. g3 dxc4 5. Bg2 Nc6 6. O-O Rb8 7. Nc3 b5 8. Ne5
Nxe5 9. dxe5 Nd5 10. Nxd5 exd5 11. Bxd5 Bb7 12. Bxb7 Qxd1 13. Rxd1 Rxb7 14. a4
Bc5 15. Rd5 Bb4 16. axb5 Ke7 17. Ra4 Ke6 18. e4 Be7 19. Rxc4 c5 20. bxc6 Rc7
21. f4 f5 22. exf6 gxf6 23. f5+ 1-0

[Event "XVIII Autunno Scacchistico A"]
[Site "Venezia ITA"]
[Date "2012.11.02"]
[Round "3"]
[White "Zamengo, Fulvio"]
[Black "Capaliku, Aleks"]
[WhiteElo "2072"]
[BlackElo "2143"]
[Result "0-1"]
[PlyCount "160"]
[EventDate "2012.11.01"]

1. e4 e5 2. Nf3 Nc6 3. Bb5 a6 4. Ba4 f5 5. d3 d6 6. O-O f4 7. d4 b5 8. Bb3 Bg4
9. c3 Nf6 10. Re1 g5 11. Bd5 Qd7 12. dxe5 Bxf3 13. e6 Bxd1 14. exd7+ Kxd7 15.
Rxd1 Nxd5 16. exd5 Ne5 17. Nd2 Bg7 18. Nb3 Nc4 19. Nd4 Bxd4 20. Rxd4 Rhe8 21.
Kf1 Re5 22. b3 Nb6 23. c4 Rae8 24. Ba3 bxc4 25. bxc4 Re4 26. Rad1 Nxc4 27. Bc1
Nb6 28. g3 fxg3 29. hxg3 Rxd4 30. Rxd4 Re5 31. Kg2 h6 32. f4 Rxd5 33. Rxd5 Nxd5
34. fxg5 hxg5 35. Bxg5 c5 36. Kf3 Ke6 37. Bd2 Nf6 38. Ke3 d5 39. Kd3 Ne4 40.
Bf4 Kf5 41. Be3 Ke6 42. g4 Ke5 43. g5 c4+ 44. Kc2 Kf5 45. Bc1 Nxg5 46. Kc3 Nf3
47. Be3 Ke4 48. Bc5 Ne5 49. Bd4 Ng6 50. Bg1 Nf4 51. Bc5 Ne2+ 52. Kd2 Nd4 53.
Bb6 Nb5 54. a4 Nd4 55. Kc3 Nb3 56. Bf2 Ke5 57. Bg3+ Ke6 58. Bf2 Kd7 59. Be3 Kc6
60. Bg5 Nc5 61. Kb2 Ne4 62. Be3 Nd6 63. Bg1 Nb7 64. Bd4 a5 65. Ka3 Kd6 66. Kb2
Nc5 67. Ka3 Nb3 68. Bf6 d4 69. Kb2 Kd5 70. Bd8 Ke4 71. Kc2 Ke3 72. Bb6 Ke4 73.
Bd8 Kd5 74. Bb6 d3+ 75. Kc3 Nc5 76. Bxa5 Nxa4+ 77. Kd2 Kd4 78. Bb4 c3+ 79. Kc1
Kc4 80. Ba5 Nb2 0-1

[Event "XVIII Autunno Scacchistico A"]
[Site "Venezia ITA"]
[Date "2012.11.03"]
[Round "4"]
[White "Bianchi, Andrea"]
[Black "Srebrnic, Vojko"]
[WhiteElo "2148"]
[BlackElo "2220"]
[Result "1-0"]
[PlyCount "105"]
[EventDate "2012.11.01"]

1. e4 c5 2. Nf3 g6 3. c4 Nc6 4. d4 cxd4 5. Nxd4 Bg7 6. Be3 Nf6 7. Nc3 d6 8. Be2
O-O 9. O-O Bd7 10. Rc1 Nxd4 11. Bxd4 Bc6 12. f3 a5 13. b3 Nd7 14. a3 Bxd4+ 15.
Qxd4 Qb6 16. Qxb6 Nxb6 17. Rc2 Rfc8 18. Rfc1 Kf8 19. Kf2 e6 20. h4 Ke7 21. g3
f5 22. Ke3 Rf8 23. Rd2 Rfd8 24. Rcd1 Be8 25. f4 Rac8 26. g4 fxg4 27. Bxg4 a4
28. e5 dxe5 29. Rxd8 Rxd8 30. Rxd8 exf4+ 31. Kxf4 Kxd8 32. Bxe6 axb3 33. Ke5 b2
34. Kd4 Ke7 35. Bg8 Kf6 36. c5 Na4 37. Ba2 g5 38. Ne4+ Kg7 39. hxg5 Kg6 40. Bb1
Kh5 41. Nf6+ Kxg5 42. Nxe8 h5 43. Nd6 h4 44. Ne4+ Kf4 45. Nd2 h3 46. Ba2 Nxc5
47. Kxc5 Ke3 48. Nc4+ Kd3 49. Nxb2+ Kc3 50. Na4+ Kc2 51. Bd5 h2 52. Kb4 b5 53.
Nc3 1-0

[Event "XVIII Autunno Scacchistico A"]
[Site "Venezia ITA"]
[Date "2012.11.03"]
[Round "4"]
[White "Capaliku, Aleks"]
[Black "Trangoni, Bruno"]
[WhiteElo "2143"]
[BlackElo "2040"]
[Result "1/2-1/2"]
[PlyCount "74"]
[EventDate "2012.11.01"]

1. f4 e5 2. fxe5 d6 3. exd6 Bf5 4. Nf3 Nf6 5. e3 Bxd6 6. d4 Ng4 7. g3 Qe7 8.
Bd3 Nxe3 9. Bxe3 Qxe3+ 10. Qe2 Qxe2+ 11. Kxe2 Bh3 12. Re1 O-O 13. Bxh7+ Kxh7
14. Ng5+ Kg6 15. Nxh3 Rh8 16. Nf2 Rxh2 17. Kf3 Nc6 18. c3 b5 19. Nd2 Rah8 20.
Nf1 R2h5 21. g4 Rh4 22. Ne3 Ne7 23. b4 f5 24. gxf5+ Nxf5 25. Rg1+ Kf7 26. Neg4
g5 27. Ne4 Rh3+ 28. Kf2 Bf4 29. Raf1 Ke7 30. Ke2 Ne3 31. Rf3 Nxg4 32. Rxg4 Rxf3
33. Kxf3 Rh3+ 34. Kg2 Rh2+ 35. Kf3 Rh3+ 36. Kg2 Rh2+ 37. Kf3 Rh3+ 1/2-1/2